MyGZULibrary

State, governance and development in Africa / (Record no. 2305)

MARC details
000 -LEADER
fixed length control field 01420cam a2200385 i 4500
001 - CONTROL NUMBER
control field 19937177
003 - CONTROL NUMBER IDENTIFIER
control field GZU
005 - DATE AND TIME OF LATEST TRANSACTION
control field 20201028125314.0
008 - FIXED-LENGTH DATA ELEMENTS--GENERAL INFORMATION
fixed length control field 170822s2016 sa a b 001 0 eng
010 ## - LIBRARY OF CONGRESS CONTROL NUMBER
LC control number 2017437292
020 ## - INTERNATIONAL STANDARD BOOK NUMBER
International Standard Book Number 9781775822080
020 ## - INTERNATIONAL STANDARD BOOK NUMBER
International Standard Book Number 9781485117636
040 ## - CATALOGING SOURCE
Original cataloging agency DLC
Language of cataloging eng
Transcribing agency DLC
Description conventions rda
042 ## - AUTHENTICATION CODE
Authentication code pcc
043 ## - GEOGRAPHIC AREA CODE
Geographic area code fb-----
050 00 - LIBRARY OF CONGRESS CALL NUMBER
Classification number HC800
Item number .STA 2016
245 00 - TITLE STATEMENT
Title State, governance and development in Africa /
Statement of responsibility, etc. editors, Firoz Khan, Euonell Grundling, Greg Ruiters, Zwelinzima Ndevu and Basani Baloyi.
264 #1 - PRODUCTION, PUBLICATION, DISTRIBUTION, MANUFACTURE, AND COPYRIGHT NOTICE
Place of production, publication, distribution, manufacture Claremont :
Name of producer, publisher, distributor, manufacturer UCT Press,
Date of production, publication, distribution, manufacture, or copyright notice 2016.
300 ## - PHYSICAL DESCRIPTION
Extent xlix, 230 pages :
Other physical details illustrations ;
Dimensions 23 cm
336 ## - CONTENT TYPE
Content type term text
Content type code txt
Source rdacontent
337 ## - MEDIA TYPE
Media type term unmediated
Media type code n
Source rdamedia
338 ## - CARRIER TYPE
Carrier type term volume
Carrier type code nc
Source rdacarrier
504 ## - BIBLIOGRAPHY, ETC. NOTE
Bibliography, etc. note Includes bibliographical references and index.
650 #0 - SUBJECT ADDED ENTRY--TOPICAL TERM
Topical term or geographic name entry element Economic development
General subdivision Political aspects
Geographic subdivision Africa, Sub-Saharan.
651 #0 - SUBJECT ADDED ENTRY--GEOGRAPHIC NAME
Geographic name Africa, Sub-Saharan
General subdivision Politics and government
Chronological subdivision 1960-
651 #0 - SUBJECT ADDED ENTRY--GEOGRAPHIC NAME
Geographic name Africa, Sub-Saharan
General subdivision Economic policy.
700 1# - ADDED ENTRY--PERSONAL NAME
Personal name Khan, Firoz,
Relator term editor.
700 1# - ADDED ENTRY--PERSONAL NAME
Personal name Grundling, Euonell,
Relator term editor.
700 1# - ADDED ENTRY--PERSONAL NAME
Personal name Ruiters, Greg,
Dates associated with a name 1959-
Relator term editor.
700 1# - ADDED ENTRY--PERSONAL NAME
Personal name Ndevu, Zwelinzima,
Relator term editor.
700 1# - ADDED ENTRY--PERSONAL NAME
Personal name Baloyi, Basani,
Relator term editor.
906 ## - LOCAL DATA ELEMENT F, LDF (RLIN)
a 7
b cbc
c orignew
d 2
e ncip
f 20
g y-gencatlg
942 ## - ADDED ENTRY ELEMENTS (KOHA)
Source of classification or shelving scheme Library of Congress Classification
Koha item type Books
Classification part 800
Item part STA
Call number prefix HC
Holdings
Withdrawn status Lost status Source of classification or shelving scheme Damaged status Not for loan Collection code Home library Current library Shelving location Date acquired Total Checkouts Full call number Barcode Date last seen Date last checked out Copy number Price effective from Koha item type
    Library of Congress Classification     Non-fiction City Campus Library City Campus Library General Stacks 11/03/2016 1 HC800 STA 2016 027608 06/14/2023 06/07/2023 c. 1 10/28/2020 Books